| 000 | 00000nam##2200000za#4500 |
| 001 | 9.643907 |
| 003 | CaOODSP |
| 005 | 20210624224408 |
| 007 | cr ||||||||||| |
| 008 | 150407|2014||||xxc|||||o f|0| 0 fre|d |
| 020 | |a978-0-660-22759-7 |
| 040 | |aCaOODSP|bfre |
| 043 | |an-cn--- |
| 086 | 1 |aCi4-127/2014F-PDF |
| 110 | 1 |aCanada.|bCitoyenneté et Immigration Canada. |bDivision de l’évaluation. |
| 245 | 10|aÉvaluation du Programme fédéral d'immigration des gens d'affaires |h[ressource électronique] |
| 260 | |aOttawa - Ontario : |bCitoyenneté et Immigration Canada. |cJuin 2014. |
| 300 | |a115p.|bfigure, glossaire, graphique, références, tableaux |
| 590 | |a15-12|b2015-03-20 |
| 691 | 07|aPolitique d'immigration|2gcpds |
| 691 | 07|aProgramme fédéral|2gcpds |
| 775 | 08|tEvaluation of the Federal Business Immigration Program |w(CaOODSP)9.700002 |
| 856 | 40|ahttp://publications.gc.ca|qPDF|s2285 Ko|uhttps://publications.gc.ca/collections/collection_2015/cic/Ci4-127-2014-fra.pdf |
| 986 | |aNo de réf. : E2-2013 |